000 00468nam a2200181Ia 4500
001 23208
005 20260414150922.0
008 260414t2011||||xx |||||||||||||| ||spa||
041 _aESP
082 _a625.85
_bS12
100 _aSabih, Omer
_eAUT
245 0 _aMethods of soil stabilization :
_bparticular emphasis to bituminous stabilization
260 _c2011
300 _a100 páginas :
_c22 cm.
650 _a0
654 _aCIC
942 _cLIB
_dJUS
_fJUS
_2ddc
_n
999 _c23208
_d23208